000 00574nam a2200205Ia 4500
003 GCL
008 140319s9999 xx 000 0 ara d
040 _aGCL /
_cGCL
082 0 4 _a301.324
_bن هـ
100 1 _aنادر فرجانى
245 1 0 _aالهجرة الى النفط /
_cنادر فرجانى
260 _a[S.N] :
_bمركز دراسات الوحدة العربية ،
_c1983
300 _a236 ص
490 _a
650 0 4 _aالهجرة
650 0 4 _aالاجتماع
650 0 4 _aالمهاجرون
650 0 4 _aالهجرات
942 _2ddc
_cBK
999 _c27717
_d27717